A Christian view of men and things. (Record no. 8674)

000 -LEADER
fixed length control field 00590nam a2200193 a 4500
001 - CONTROL NUMBER
control field :::00006450$&:&@@
003 - CONTROL NUMBER IDENTIFIER
control field OkBaRHE
005 - DATE AND TIME OF LATEST TRANSACTION
control field 20000607103331.0
008 - FIXED-LENGTH DATA ELEMENTS--GENERAL INFORMATION
fixed length control field s1952 j 000 0 eng u
040 ## - CATALOGING SOURCE
Transcribing agency
100 1# - MAIN ENTRY--PERSONAL NAME
Personal name Clark, Gordon H.
245 12 - TITLE STATEMENT
Title A Christian view of men and things.
260 ## - PUBLICATION, DISTRIBUTION, ETC. (IMPRINT)
Place of publication, distribution, etc Grand Rapids, MI., :
Name of publisher, distributor, etc Wm. B. Eerdmans Publishing Co.
Date of publication, distribution, etc c1952
300 ## - PHYSICAL DESCRIPTION
Extent 325 p. ;
Dimensions 22 cm.
650 ## - SUBJECT ADDED ENTRY--TOPICAL TERM
Topical term or geographic name as entry element Apologetics
General subdivision 20th Century
650 ## - SUBJECT ADDED ENTRY--TOPICAL TERM
Topical term or geographic name as entry element Theism
942 ## - ADDED ENTRY ELEMENTS (KOHA)
Source of classification or shelving scheme
Koha item type Books
Copies
Total Checkouts Copy number Date acquired Permanent Location Barcode Withdrawn status Damaged status Koha item type Shelving location Lost status Date last seen Date checked out Price effective from Source of classification or shelving scheme Not for loan Full call number Current Location
112010-04-14RHEMA Bible Training College6450  BooksGeneral Stacks 2014-01-312013-09-202010-04-14  BT 1210 .C57RHEMA Bible Training College